[Event "Begonia op 29th"]
[Site "Ballarat"]
[Date "2025.03.10"]
[Round "7"]
[White "Johansen, Darryl Keith"]
[Black "Kalina, Leo"]
[Result "1/2-1/2"]
[WhiteElo "2295"]
[BlackElo "1971"]
[PlyCount "69"]
[EventDate "2025.03.08"]
[EventType "swiss"]
[EventRounds "7"]
[EventCountry "AUS"]
[SourceTitle "CB11_2025"]
[SourceDate "2025.03.12"]
[SourceVersion "1"]
[SourceVersionDate "2025.03.12"]
[SourceQuality "1"]

1. c4 Nf6 2. Nf3 e6 3. g3 d5 4. b3 b6 5. Bg2 Bb7 6. Bb2 Nbd7 7. 0-0 Bd6 8. Nc3 0-0 9. Rc1 a6 10. d4 dxc4 11. bxc4 c5 12. d5 exd5 13. Nh4 Re8 14. Nxd5 Nxd5 15. Bxd5 Bxd5 16. Qxd5 Be5 17. Rc2 Nf6 18. Qxd8 Raxd8 19. Rb1 Rd6 20. Nf5 Rc6 21. a4 g6 22. Bxe5 Rxe5 23. Ne3 Ree6 24. Rd1 Rcd6 25. Rcd2 Ne8 26. Kf1 Rxd2 27. Rxd2 Rd6 28. Ke1 Rxd2 29. Kxd2 Nd6 30. Kd3 f5 31. f3 Kf7 32. Nd5 Nc8 33. h4 Ke6 34. e3 Ke5 35. Nf4 1/2-1/2

[Event "Begonia op 29th"]
[Site "Ballarat"]
[Date "2025.03.08"]
[Round "2"]
[White "Johansen, Darryl Keith"]
[Black "Gibson, Kyle"]
[Result "1/2-1/2"]
[WhiteElo "2295"]
[BlackElo "1963"]
[PlyCount "140"]
[EventDate "2025.03.08"]
[EventType "swiss"]
[EventRounds "7"]
[EventCountry "AUS"]
[SourceTitle "CB11_2025"]
[SourceDate "2025.03.12"]
[SourceVersion "1"]
[SourceVersionDate "2025.03.12"]
[SourceQuality "1"]

1. Nf3 d6 2. g3 e5 3. d3 f5 4. c4 Nf6 5. Nc3 Be7 6. Bg2 0-0 7. 0-0 Qe8 8. e3 Qh5 9. b4 a5 10. bxa5 Nc6 11. Nb5 Bd8 12. Nd2 Qh6 13. Nb3 Nxa5 14. Bd2 c6 15. Nc3 Nxb3 16. axb3 Rxa1 17. Qxa1 Ng4 18. h3 Nf6 19. b4 g5 20. f4 gxf4 21. exf4 Nh5 22. Qe1 exf4 23. gxf4 Kf7 24. Rf3 Rg8 25. Be3 Qg7 26. Qd2 Bf6 27. Nd1 Be6 28. Rf2 d5 29. Bc5 Bd4 30. Bxd4 Qxd4 31. Qe3 Qxe3 32. Nxe3 Rg3 33. cxd5 cxd5 34. Rf3 Rxf3 35. Bxf3 Nxf4 36. d4 Ke7 37. h4 Kd6 38. Bd1 Nd3 39. Bc2 Nxb4 40. Nxf5+ Bxf5 41. Bxf5 h6 42. Kf2 Nc6 43. Ke3 Ke7 44. Bc2 b5 45. Bb3 Ke6 46. Bc2 Ne7 47. Kf4 b4 48. Bd1 Nc6 49. Ke3 Na5 50. Kd3 Nc4 51. Bg4+ Kd6 52. Be2 Na3 53. Bd1 Kc6 54. Ba4+ Kd6 55. Bb3 Nb5 56. Bd1 Ke6 57. Bg4+ Kf6 58. Bf3 b3 59. Bxd5 b2 60. Ba2 Na3 61. d5 Ke5 62. d6 Kxd6 63. Ke4 Nb5 64. Kd3 Ke5 65. Kc2 b1Q+ 66. Bxb1 Na3+ 67. Kc1 Nxb1 68. Kxb1 Kf4 69. Kc2 h5 70. Kd2 Ke5 1/2-1/2

[Event "Oceania zt 3.6"]
[Site "Melbourne"]
[Date "2025.01.26"]
[Round "4"]
[White "Johansen, Darryl Keith"]
[Black "Leaver, Kyle"]
[Result "1-0"]
[WhiteElo "2321"]
[BlackElo "2070"]
[PlyCount "105"]
[EventDate "2025.01.24"]
[EventType "swiss"]
[EventRounds "9"]
[EventCountry "AUS"]
[SourceTitle "CB06_2025"]
[SourceDate "2025.02.05"]
[SourceVersion "1"]
[SourceVersionDate "2025.02.05"]
[SourceQuality "1"]

1. Nf3 c5 2. c4 Nc6 3. d4 cxd4 4. Nxd4 Nf6 5. Nc3 d5 6. cxd5 Nxd5 7. Nxc6 bxc6 8. Qa4 Nxc3 9. Qxc6+ Bd7 10. Qxc3 Rc8 11. Qd3 e5 12. Bd2 Qb6 13. Qb3 Qxb3 14. axb3 Bc5 15. e3 0-0 16. Bc4 Rfe8 17. Ke2 Rb8 18. Rhc1 Bb6 19. f3 Be6 20. Rc2 f6 21. Ba5 Bxa5 22. Rxa5 Rb7 23. Ra6 Bf7 24. Kd2 Kf8 25. Rc6 Rd8+ 26. Kc3 Rdb8 27. Ra6 Rc7 28. Kd2 Rd8+ 29. Kc3 Rdc8 30. Ra4 Be8 31. Ra5 Bf7 32. Kb4 Rb8+ 33. Rb5 Rbc8 34. Rc3 Be8 35. Rd5 Rb8+ 36. Ka3 Rcb7 37. Rc5 Bd7 38. Ra5 Be8 39. Bd5 Re7 40. Rac5 Rd8 41. e4 Bf7 42. Rc8 Red7 43. Rxd8+ Rxd8 44. Bxf7 Kxf7 45. Rc7+ Kg6 46. Rxa7 Rd2 47. b4 Rxg2 48. b5 Rd2 49. b6 Rd6 50. b7 Rb6 51. b4 Kg5 52. Ka4 Kf4 53. Ka5 1-0

[Event "AUS-ch op"]
[Site "Melbourne"]
[Date "2025.01.10"]
[Round "8"]
[White "Teh, Rui Gen"]
[Black "Johansen, Darryl Keith"]
[Result "1/2-1/2"]
[WhiteElo "2132"]
[BlackElo "2321"]
[PlyCount "62"]
[EventDate "2025.01.02"]
[EventType "swiss"]
[EventRounds "9"]
[EventCountry "AUS"]
[SourceTitle "CB03_2025"]
[SourceDate "2025.01.15"]
[SourceVersion "1"]
[SourceVersionDate "2025.01.15"]
[SourceQuality "1"]

1. e4 c5 2. Nc3 Nc6 3. f4 e6 4. Nf3 a6 5. g3 d5 6. d3 g6 7. Bg2 Bg7 8. 0-0 Nge7 9. Qe2 0-0 10. Nd1 b5 11. Nf2 f5 12. e5 d4 13. c4 dxc3 14. bxc3 Qb6 15. a4 Rb8 16. axb5 axb5 17. c4 Bd7 18. Be3 Nb4 19. Rfc1 bxc4 20. Rxc4 Rfc8 21. Rac1 Na6 22. Qe1 Nd5 23. d4 Nxe3 24. Qxe3 Bf8 25. Nd3 cxd4 26. Qxd4 Rxc4 27. Rxc4 Bb5 28. Qxb6 Rxb6 29. Rc3 Bxd3 30. Rxd3 Rb1+ 31. Bf1 h6 1/2-1/2

[Event "AUS-ch op"]
[Site "Melbourne"]
[Date "2025.01.07"]
[Round "5"]
[White "Zafirakos, Jesse"]
[Black "Johansen, Darryl Keith"]
[Result "0-1"]
[WhiteElo "2079"]
[BlackElo "2321"]
[PlyCount "92"]
[EventDate "2025.01.02"]
[EventType "swiss"]
[EventRounds "9"]
[EventCountry "AUS"]
[SourceTitle "CB03_2025"]
[SourceDate "2025.01.15"]
[SourceVersion "1"]
[SourceVersionDate "2025.01.15"]
[SourceQuality "1"]

1. e4 c5 2. Nf3 e6 3. d4 cxd4 4. Nxd4 a6 5. c4 Nf6 6. Nc3 Qc7 7. a3 b6 8. Bd3 Bc5 9. Nc2 Be7 10. 0-0 Bb7 11. f4 d6 12. Bd2 Nbd7 13. b4 0-0 14. Rc1 Rac8 15. g4 d5 16. exd5 exd5 17. g5 Ne4 18. Nxd5 Bxd5 19. cxd5 Nxd2 20. Qxd2 b5 21. Nd4 Qa7 22. Qf2 g6 23. Be2 Bd6 24. Bg4 Rxc1 25. Rxc1 Nb6 26. Rc6 Nc4 27. Be2 Qd7 28. Rxa6 Re8 29. Nxb5 Qxb5 30. Rc6 Qxd5 31. Rxc4 Bf8 32. Qf3 Qd2 33. Kf1 Re3 34. Qf2 Rxa3 35. Rd4 Qc1+ 36. Qe1 Qc6 37. Kg1 Qb6 38. Qf2 Bxb4 39. Rc4 Qb7 40. Qg2 Ra1+ 41. Bf1 Qa7+ 42. Qf2 Qb8 43. Qc2 Bf8 44. Qf2 Ra5 45. Qc2 Qa7+ 46. Qf2 Bc5 0-1

[Event "Gold Coast op"]
[Site "Nerang"]
[Date "2024.06.29"]
[Round "4"]
[White "Liu, Yi"]
[Black "Johansen, Darryl Keith"]
[Result "1-0"]
[WhiteElo "2268"]
[BlackElo "2319"]
[PlyCount "63"]
[EventDate "2024.06.27"]
[EventType "swiss"]
[EventRounds "9"]
[EventCountry "AUS"]
[SourceTitle "EXT 2025"]
[Source "ChessBase"]
[SourceDate "2024.10.14"]
[SourceVersion "1"]
[SourceVersionDate "2024.10.14"]
[SourceQuality "1"]

1. d4 Nf6 2. Nc3 e6 3. e4 d5 4. e5 Nfd7 5. f4 c5 6. Nf3 Nc6 7. Be3 a6 8. Qd2 b5 9. a3 Bb7 10. Bd3 b4 11. axb4 Nxb4 12. Be2 Be7 13. Na4 cxd4 14. Nxd4 0-0 15. 0-0 a5 16. f5 Nxe5 17. fxe6 Nc4 18. Bxc4 dxc4 19. Nf5 fxe6 20. Nxe7+ Qxe7 21. Bc5 Rfd8 22. Qxb4 axb4 23. Bxe7 Rd2 24. Rf2 c3 25. Raf1 h6 26. b3 Be4 27. Bxb4 Bxc2 28. Nc5 Rc8 29. Bxc3 Rxf2 30. Rxf2 Bxb3 31. Nxb3 Rxc3 32. Nd4 1-0

[Event "Melbourne op"]
[Site "Melbourne"]
[Date "2024.04.03"]
[Round "1"]
[White "Rodgers, Jack"]
[Black "Johansen, Darryl Keith"]
[Result "1-0"]
[WhiteElo "2043"]
[BlackElo "2346"]
[PlyCount "69"]
[EventDate "2024.04.03"]
[EventType "swiss"]
[EventRounds "9"]
[EventCountry "AUS"]
[SourceTitle "CBM 219 Extra"]
[Source "ChessBase"]
[SourceDate "2024.05.31"]
[SourceVersion "1"]
[SourceVersionDate "2024.05.31"]
[SourceQuality "1"]

1. d4 Nf6 2. Bg5 e6 3. e4 h6 4. Bxf6 Qxf6 5. c3 d6 6. Bd3 e5 7. Ne2 Nd7 8. 0-0 Qd8 9. f4 Be7 10. Na3 0-0 11. Nc4 exd4 12. cxd4 c5 13. d5 b5 14. Nd2 c4 15. Bc2 Bf6 16. Rb1 Re8 17. Ng3 Ba6 18. Nf3 b4 19. Ba4 Qb6+ 20. Kh1 Bb5 21. Bxb5 Qxb5 22. Nd4 Qc5 23. Ndf5 Kh7 24. Qg4 Rad8 25. Qh5 Rf8 26. Rf3 c3 27. bxc3 bxc3 28. Nxh6 c2 29. Nhf5+ Kg8 30. Rc1 g6 31. Qh6 Rfe8 32. Nh5 Bh8 33. Rh3 Qc3 34. Qh7+ Kf8 35. Rxc3 1-0

[Event "Begonia op 58th"]
[Site "Ballarat"]
[Date "2024.03.09"]
[Round "1"]
[White "Anup, Kumar S"]
[Black "Johansen, Darryl Keith"]
[Result "0-1"]
[WhiteElo "1819"]
[BlackElo "2350"]
[PlyCount "66"]
[EventDate "2024.03.09"]
[EventType "swiss"]
[EventRounds "7"]
[EventCountry "AUS"]
[SourceTitle "CBM 219 Extra"]
[Source "ChessBase"]
[SourceDate "2024.05.31"]
[SourceVersion "1"]
[SourceVersionDate "2024.05.31"]
[SourceQuality "1"]

1. d4 Nf6 2. c4 c5 3. e3 g6 4. Nc3 Bg7 5. d5 d6 6. e4 0-0 7. Bd3 e6 8. Nge2 exd5 9. exd5 Ng4 10. 0-0 Ne5 11. Ng3 Nxd3 12. Qxd3 Nd7 13. f4 a6 14. a4 h5 15. Bd2 Nf6 16. h3 h4 17. Nge4 Bf5 18. Rfe1 Nxe4 19. Nxe4 Re8 20. Re2 Bxb2 21. Rae1 Qd7 22. Bc3 Bxc3 23. Qxc3 Bxe4 24. Rxe4 Rxe4 25. Rxe4 b5 26. cxb5 axb5 27. axb5 Qxb5 28. Kh2 Qd7 29. Qf3 Qf5 30. Re7 Ra4 31. Re8+ Kg7 32. Rd8 Qf6 33. Qe3 Qxd8 0-1

[Event "Doeberl Cup 58th"]
[Site "Canberra"]
[Date "2021.04.05"]
[Round "9"]
[White "Kuybokarov, Temur"]
[Black "Johansen, Darryl Keith"]
[Result "1-0"]
[WhiteElo "2543"]
[BlackElo "2387"]
[PlyCount "37"]
[EventDate "2021.04.01"]
[EventType "swiss"]
[EventRounds "9"]
[EventCountry "AUS"]
[SourceTitle "EXT 2023"]
[Source "ChessBase"]
[SourceDate "2022.10.05"]
[SourceVersion "1"]
[SourceVersionDate "2022.10.05"]
[SourceQuality "1"]

1. e4 c5 2. Nf3 e6 3. d4 cxd4 4. Nxd4 a6 5. c4 Nf6 6. Nc3 Bb4 7. Bd3 Nc6 8. Nxc6 dxc6 9. e5 Nd7 10. Bf4 Qa5 11. 0-0 Nxe5 12. Bc2 0-0 13. Na4 Be7 14. c5 Nd7 15. Bd6 Bxd6 16. Qxd6 b5 17. cxb6 Nxb6 18. Qd3 g6 19. b4 1-0

[Event "Begonia op 55th"]
[Site "Ballarat"]
[Date "2021.03.08"]
[Round "6"]
[White "Johansen, Darryl Keith"]
[Black "Skiotis, Pano"]
[Result "1-0"]
[WhiteElo "2387"]
[BlackElo "2068"]
[PlyCount "107"]
[EventDate "2021.03.06"]
[EventType "swiss"]
[EventRounds "7"]
[EventCountry "AUS"]
[SourceTitle "CBM 201 Extra"]
[Source "ChessBase"]
[SourceDate "2021.05.31"]
[SourceVersion "1"]
[SourceVersionDate "2021.05.31"]
[SourceQuality "1"]

1. Nf3 Nf6 2. c4 g6 3. Nc3 Bg7 4. e4 d6 5. d4 0-0 6. Be2 e5 7. 0-0 Nc6 8. Be3 Re8 9. dxe5 dxe5 10. c5 Bg4 11. Bb5 Qxd1 12. Rfxd1 Red8 13. Bxc6 Rxd1+ 14. Rxd1 bxc6 15. Kf1 h6 16. h3 Be6 17. b3 Nd7 18. Ne1 f5 19. Nd3 f4 20. Bc1 a5 21. Ke2 Kf7 22. Na4 g5 23. Bb2 h5 24. Rc1 Bf6 25. Ba1 Ke7 26. Nab2 Bf7 27. Nc4 Ke6 28. Bc3 a4 29. b4 a3 30. Na5 Ra6 31. Rc2 g4 32. hxg4 hxg4 33. Bd2 Be7 34. Bc1 Bh5 35. Bxa3 f3+ 36. gxf3 gxf3+ 37. Ke1 Nf6 38. Rc4 Bg6 39. Bb2 Bxe4 40. Nxe5 Bd5 41. Rc3 Ne4 42. Ra3 Nxc5 43. Nxf3 Ne4 44. Nd4+ Kd7 45. Nc2 Ra8 46. Rd3 Bxb4+ 47. Nxb4 Rxa5 48. a3 Ke6 49. Rh3 Rb5 50. Rh6+ Kf5 51. Bc1 Nd6 52. Be3 Bc4 53. Rh7 Ra5 54. Rh5+ 1-0

[Event "Begonia op 55th"]
[Site "Ballarat"]
[Date "2021.03.07"]
[Round "4"]
[White "Brotheridge, Jamie"]
[Black "Johansen, Darryl Keith"]
[Result "0-1"]
[WhiteElo "1506"]
[BlackElo "2387"]
[PlyCount "66"]
[EventDate "2021.03.06"]
[EventType "swiss"]
[EventRounds "7"]
[EventCountry "AUS"]
[SourceTitle "CBM 201 Extra"]
[Source "ChessBase"]
[SourceDate "2021.05.31"]
[SourceVersion "1"]
[SourceVersionDate "2021.05.31"]
[SourceQuality "1"]

1. d4 Nf6 2. c4 c5 3. d5 g6 4. Nc3 d6 5. e4 Bg7 6. Nge2 0-0 7. Ng3 e6 8. Bd3 exd5 9. cxd5 a6 10. 0-0 b5 11. f3 Nbd7 12. Bf4 c4 13. Bc2 Re8 14. Nge2 Qb6+ 15. Kh1 Nh5 16. Bc1 Ne5 17. Qd4 Qc7 18. Qd1 b4 19. Na4 a5 20. Be3 Rb8 21. Rc1 Ba6 22. Re1 Qd8 23. Nf4 Nxf4 24. Bxf4 b3 25. axb3 cxb3 26. Bb1 Qd7 27. Nc3 a4 28. Bxe5 Bxe5 29. Bd3 Bxd3 30. Qxd3 Rec8 31. Qa6 Bxc3 32. bxc3 b2 33. Rb1 Rxc3 0-1

[Event "George Trundle Masters"]
[Site "Auckland"]
[Date "2020.01.06"]
[Round "4"]
[White "Johansen, Darryl Keith"]
[Black "Fernandez, Daniel Howard"]
[Result "1/2-1/2"]
[WhiteElo "2371"]
[BlackElo "2451"]
[PlyCount "85"]
[EventDate "2020.01.04"]
[EventType "tourn"]
[EventRounds "10"]
[EventCountry "NZL"]
[EventCategory "4"]
[SourceTitle "CBM 194 Extra"]
[Source "ChessBase"]
[SourceDate "2020.03.31"]
[SourceVersion "1"]
[SourceVersionDate "2020.03.31"]
[SourceQuality "1"]

1. Nf3 g6 2. d4 Bg7 3. e4 d6 4. c4 e5 5. Nc3 Nc6 6. d5 Nce7 7. h4 Bg4 8. Be2 Bxf3 9. Bxf3 h5 10. g3 Bh6 11. Bg2 Bxc1 12. Qxc1 c6 13. Qd2 cxd5 14. cxd5 Nf6 15. 0-0-0 Qa5 16. Kb1 Nc8 17. f3 Nb6 18. Bf1 0-0 19. Nb5 Qxd2 20. Rxd2 Ne8 21. f4 a6 22. Nc3 exf4 23. gxf4 Nf6 24. Bg2 Rac8 25. e5 Ng4 26. Re1 Rc4 27. Ne4 dxe5 28. fxe5 Re8 29. Nd6 Rxe5 30. Rxe5 Nxe5 31. Nxc4 Nbxc4 32. Re2 f6 33. Kc2 Nd6 34. Bh3 Kf8 35. a4 a5 36. Kc3 Ke7 37. Kd4 b6 38. b3 Nb7 39. Rxe5+ fxe5+ 40. Kxe5 Nd6 41. Be6 Ne8 42. Bh3 Nd6 43. Be6 1/2-1/2

[Event "George Trundle Masters"]
[Site "Auckland"]
[Date "2020.01.05"]
[Round "2"]
[White "Johansen, Darryl Keith"]
[Black "Gong, Daniel Hanwen"]
[Result "1-0"]
[WhiteElo "2371"]
[BlackElo "2276"]
[PlyCount "82"]
[EventDate "2020.01.04"]
[EventType "tourn"]
[EventRounds "10"]
[EventCountry "NZL"]
[EventCategory "4"]
[SourceTitle "CBM 194 Extra"]
[Source "ChessBase"]
[SourceDate "2020.03.31"]
[SourceVersion "1"]
[SourceVersionDate "2020.03.31"]
[SourceQuality "1"]

1. d4 Nf6 2. Nf3 g6 3. c4 Bg7 4. Nc3 d6 5. e4 0-0 6. Be2 e5 7. 0-0 Nh5 8. Bg5 f6 9. Be3 Nf4 10. Re1 Nxe2+ 11. Qxe2 Bg4 12. h3 Bxf3 13. Qxf3 Nc6 14. d5 Ne7 15. Qe2 f5 16. f3 f4 17. Bf2 g5 18. c5 Ng6 19. Rac1 Rf7 20. Rc2 Bf8 21. cxd6 Bxd6 22. Nb5 h5 23. Nxd6 cxd6 24. Rec1 Kg7 25. Rc3 a6 26. Qc2 Qa5 27. b4 Qb5 28. a4 Qe8 29. Bb6 Rd7 30. Qd1 Ne7 31. Bf2 Rc8 32. Rxc8 Nxc8 33. h4 Ne7 34. hxg5 Ng6 35. Qc2 Qe7 36. Qc8 Nf8 37. b5 axb5 38. axb5 Kg6 39. Bb6 h4 40. Rc7 h3 41. Rxd7 Nxd7 1-0

[Event "Doeberl Cup 57th"]
[Site "Canberra"]
[Date "2019.04.21"]
[Round "8"]
[White "Johansen, Darryl Keith"]
[Black "Solomon, Stephen J"]
[Result "1-0"]
[WhiteElo "2364"]
[BlackElo "2338"]
[PlyCount "105"]
[EventDate "2019.04.18"]
[EventType "swiss"]
[EventRounds "9"]
[EventCountry "AUS"]
[SourceTitle "CBM 189 Extra"]
[Source "ChessBase"]
[SourceDate "2019.05.31"]
[SourceVersion "1"]
[SourceVersionDate "2019.05.31"]
[SourceQuality "1"]

1. c4 e6 2. Nf3 d5 3. d4 Nf6 4. g3 dxc4 5. Qa4+ Nc6 6. Bg2 Bb4+ 7. Bd2 Nd5 8. Bxb4 Ndxb4 9. a3 b5 10. Qd1 Nd5 11. e4 Nf6 12. Nc3 0-0 13. 0-0 Rb8 14. e5 Nd5 15. Ne4 f6 16. exf6 gxf6 17. Re1 e5 18. dxe5 fxe5 19. Neg5 Bg4 20. h3 Bxf3 21. Nxf3 Nf6 22. Nxe5 Nxe5 23. Rxe5 Qxd1+ 24. Rxd1 Rfe8 25. Rf5 Re6 26. g4 h6 27. Rc5 Re7 28. Bf3 Kg7 29. a4 bxa4 30. Rxc4 Rxb2 31. Rxa4 c5 32. Rda1 Kf7 33. Kg2 Nd7 34. Rxa7 Nb6 35. Rxe7+ Kxe7 36. Ra7+ Kd6 37. Rh7 c4 38. Rxh6+ Kc5 39. Rc6+ Kd4 40. g5 c3 41. g6 Nc4 42. g7 Rb8 43. Bd1 Kd3 44. Bb3 Na5 45. Rd6+ Ke2 46. Bc2 Rg8 47. Rd7 Nc6 48. Bh7 Rc8 49. Rc7 Rxc7 50. g8Q Ne5 51. Qa2+ c2 52. Bxc2 Rg7+ 53. Bg6+ 1-0